| 000 | 01424nam a22002417a 4500 | ||
|---|---|---|---|
| 005 | 20260325151548.0 | ||
| 008 | 260325b |||||||| |||| 00| 0 eng d | ||
| 020 | _a9788126579950 | ||
| 040 | _cAL | ||
| 041 | _aeng | ||
| 082 |
_a005.768 _bGAID |
||
| 100 |
_aDeepak Gaikwad _9259295 |
||
| 245 | _aDevops tools from practitioners viewpoint | ||
| 260 |
_aNew Delhi _bWiley _c2019 |
||
| 300 |
_axix,154p _bPB _c24x18cm |
||
| 365 |
_2Information Science and Engineering _aVBI-2645 _b₹561.75 _c₹ _d749.00 _e25% _f20-02-2026 |
||
| 520 | _aThis book includes proven step-by-step methodology to adopt DevOps in any project. It provides precise knowledge of tools to architect effective pipelines by selecting tools suitable for specific scenarios. Readers can do this by using features, comparative study, pros and cons, reference architectures and much more about most of the popular tools in open-source and proprietary market. Basic and advance Agile and DevOps concepts in practical context have been discussed to lay strong knowledge foundation for the readers. As DevOps is a continuous process, the establishment of governance around DevOps has been discussed to ensure that projects continue to evolve as they progress in this journey. | ||
| 650 |
_aAgile Methodology _9259296 |
||
| 650 |
_aTool Suits _9259297 |
||
| 650 |
_aInfrastructure Management _9259298 |
||
| 700 |
_aThakkar, Viral _9259299 |
||
| 942 |
_2ddc _cBK |
||
| 999 |
_c241062 _d241062 |
||